000 01676nam a2200253Ia 4500
999 _c36886
_d36886
001 2836
003 GE_BSU
005 20190611165537.0
008 181216s2012||||ge |||||||||||||| ||geo||
020 _a9789941176128
040 _cGE_BSU
080 _a271.222(479.22)
100 _aბურდული, გვანცა
_92413
245 _a საქართველოს ეკლესიის ავტოკეფალიის კანონიერების საკითხი რუსეთის საეკლესიო კრების წინარე თათბირზე (1906 წელი) /
_bგვანცა ბურდული ; რედ. ვახტანგ გურული ; საქ. საპატრიარქოს წმ. ანდრია პირველწოდებულის სახ. ქართ. უნ-ტის ჰუმანიტ. მეცნ. სკოლა.
264 _aთბილისი:
_bუნივერსალი,
_c2012.
300 _a425 გვ. ;
_b21 სმ.
501 _aდანართები: გვ. 392-424.
504 _a ბიბლიოგრ.: გვ. 387-391.
520 _aრეზ. ინგლ.
653 _a საქართველოს მართლმადიდებლური ეკლესიის ისტორია
700 _aგურული, ვახტანგ
_eრედაქტორი
_9337
710 _aსაქ. საპატრიარქო. წმ. ანდრია პირველწოდებულის სახ. ქართ. უნ-ტი
_92414
942 _cBK
_2udc